| 000 | 00735nam a22002177a 4500 | ||
|---|---|---|---|
| 008 | 090203t xxu||||| |||| 00| 0 eng d | ||
| 010 | _aENG-92813 | ||
| 020 |
_c170.00 _a9788189840372 |
||
| 035 | _aEN-76343 | ||
| 037 | _bDBAD / PUB | ||
| 040 |
_adpl _bEnglish |
||
| 082 | _a530 | ||
| 100 | _aIlango, G. | ||
| 245 |
_aPrinciples of physics / _cby G. Ilango |
||
| 260 |
_aErode _bPallavi Pathippagam South India _c2008 |
||
| 270 |
_a194, Kanna Complex, Mettur Road, _bErode _e11 |
||
| 300 |
_a108p. _c29cm (pbk) |
||
| 650 | _aPhysics. | ||
| 942 |
_2ddc _cEN _mILA _h530 |
||
| 999 |
_c22942 _d22942 |
||